| 000 | 01170cam a2200373Ma 4500 | ||
|---|---|---|---|
| 999 |
_c2806 _d2806 |
||
| 001 | .b20046546 | ||
| 003 | OCoLC | ||
| 005 | 20230822102611.0 | ||
| 008 | 140717s2015 kyu 000 0 eng d | ||
| 015 |
_aGBB496989 _2bnb |
||
| 020 |
_a9781305254497 _q(paperback) |
||
| 020 |
_a130525449X _q(paperback) |
||
| 035 | _a(OCoLC)890393685 | ||
| 040 |
_aUKMGB _beng _cUKMGB _dOCLCO _dOCLCF _dOCLCQ _dKH8 |
||
| 042 | _anbic | ||
| 082 | 0 | 4 |
_a428.24 MAC _223 |
| 100 | 1 |
_aMacIntyre, Paul, _eauthor. |
|
| 245 | 1 | 0 |
_aReading explorer. _n4 / _cPaul MacIntyre, David Bohlke. |
| 250 | _aSecond edition. | ||
| 260 | _c2015. | ||
| 264 | 1 |
_aBoston, MA : _bNational Geographic Learning, _c2015. |
|
| 264 | 4 | _c©2015. | |
| 300 |
_a224 pages : _bcolour illustrations ; _c28 cm. |
||
| 336 |
_atext _btxt _2rdacontent. |
||
| 337 |
_aunmediated _bn _2rdamedia. |
||
| 338 |
_avolume _bnc _2rdacarrier. |
||
| 440 |
_aReading Explorer _n4 |
||
| 500 | _aIncludes Internet access. | ||
| 650 | 0 |
_aEnglish language _vTextbooks for foreign speakers. |
|
| 650 | 7 |
_aEnglish _2Second language |
|
| 655 | 7 |
_aTextbooks _vfor foreign speakers. |
|
| 700 | 1 |
_aBohlke, David, _eauthor. |
|
| 942 |
_2ddc _cTR |
||